Dünya savaş tarihi : (Record no. 40376)
| 000 -BAŞLIK | |
|---|---|
| Sabit Uzunluktaki Kontrol Alanı | 01182nam a22003497a 4500 |
| 001 - KONTROL NUMARASI | |
| Control Dosyası | 0040500 |
| 003 - KONTROL NUMARASI KİMLİĞİ | |
| Kontrol Alanı | KOHA_MİRAKIL |
| 005 - EN SON İŞLEM TARİHİ ve ZAMANI | |
| Kontrol Alanı | 20260207003203.0 |
| 007 - FİZİKSEL TANIM SABİT ALAN - GENEL BİLGİ | |
| Sabit uzunluklu kontrol alanı | ta |
| 008 - SABİT UZUNLUKTAKİ VERİ ÖGELERİ - GENEL BİLGİ | |
| Sabit Alan | 130730b2011 tu a|||gr||||#||||0|tur | |
| 020 ## - ISBN - ULUSLARARASI STANDART KİTAP NUMARASI | |
| Isbn | 9786051146928 |
| 040 ## - KATALOGLAMA KAYNAĞI | |
| Özgün Kataloglama Kurumu | TR-BiSEU |
| Kataloglama Dili | tur |
| Çeviri Kurumu | TR-BiSEU |
| Açıklama Kuralları | rda |
| 041 0# - DİL KODU | |
| Metin ya da ses kaydının dil kodu | tur |
| 044 ## - YAYINLAYAN/ÜRETEN KURULUŞUN ÜLKE KODU | |
| ISO country code | tu |
| 050 ## - SINIFLAMA ve YER NUMARASI | |
| Sınıflama Numarası | D25 |
| Yer Numarası | .E75 2011 |
| 100 1# - KİŞİ ADI | |
| Yazar Adı (Kişi adı) | Erickson, Edward J.. |
| 245 1# - ESER ADI BİLDİRİMİ | |
| Başlık | Dünya savaş tarihi : |
| Alt Eseradı vb. | I. Dünya savaşı'nda Osmanlı 1914 - 1918/ |
| Sorumluluk Bildirimi | Edward J. Erickson ; Edward J.Erickson ; çeviren Sare Levin Atalay. |
| 264 #1 - ÜRERİM, YAYIN, DAĞITIM ve TELİF BİLDİRİMİ | |
| Yayın yeri | İstanbul : |
| Yayınlayan | Timaş Yayınları |
| Yayın tarihi | 2011 |
| 300 ## - FİZİKSEL TANIMLAMA | |
| Sayfa, Cilt vb. | 5 c. : |
| Diğer fiziki detaylar | resimli ; |
| Boyutları | 25 cm. |
| 336 ## - İÇERİK TÜRÜ | |
| Content type term | metin |
| Content type code | txt |
| Source | rdacontent |
| 337 ## - MEDYA TÜRÜ | |
| Media type term | aracısız |
| Media type code | n |
| Source | rdamedia |
| 338 ## - TAŞIYICI TÜRÜ | |
| Carrier type term | cilt |
| Carrier type code | nc |
| Source | rdacarrier |
| 490 1# - DİZİ BİLDİRİMİ | |
| Dizi Bildirimi | Timaş Yayınları ; |
| Cilt Numarası | 2630. |
| 490 1# - DİZİ BİLDİRİMİ | |
| Dizi Bildirimi | Görsel Tarih Dizisi ; |
| Cilt Numarası | 6. |
| 500 ## - GENEL NOT | |
| Genel Not | Kaynakça var. |
| 500 ## - GENEL NOT | |
| Genel Not | Orijinal adı; Gallipoli and the Middle East, 1914-1918. |
| 650 #0 - KONU BAŞLIĞI EK GİRİŞ - KONU TERİMİ | |
| Konusal terim veya coğrafi ad | Askeri sanat ve bilim--Tarihi. |
| 9 (RLIN) | 74987 |
| 650 #0 - KONU BAŞLIĞI EK GİRİŞ - KONU TERİMİ | |
| Konusal terim veya coğrafi ad | Military art and science--History. |
| 9 (RLIN) | 33889 |
| 830 1# - SERİ EK GİRİŞİ - TEKBİÇİM ESER ADI | |
| Tekbiçim Başlık | Timaş Yayınları ; |
| Volume number/sequential designation | 2630. |
| 9 (RLIN) | 9767 |
| 830 1# - SERİ EK GİRİŞİ - TEKBİÇİM ESER ADI | |
| Tekbiçim Başlık | Görsel Tarih Dizisi ; |
| Volume number/sequential designation | 6. |
| 9 (RLIN) | 74988 |
| 942 ## - EK GİRİŞ ÖGELERİ (KOHA) | |
| Source of classification or shelving scheme | Library of Congress Classification |
| Koha item type | Book |
| Materyal Türü | Kalıcı Konum | Mevcut Konum | Raf Yeri | Sınıflandırma Kaynağı | Edinim Bilgisi | Ana Konular | Alt Konular | Yer Numarası | Cilt Bilgisi | Demirbaş Numarası | Fatura Tarihi | Maliyet, Alış Fiyatı | Maliyet, Yenileme Fiyatı | Geri Çekilme Durumu | Kayıp Durumu | Hasarlı Durumu | Kredi için değil | Kayıt Tarih | Toplam Ödünçverme | Son Görülme Tarihi | Son Kontrol Tarihi | Satın Alma Notu |
|---|---|---|---|---|---|---|---|---|---|---|---|---|---|---|---|---|---|---|---|---|---|---|
| Book | Prof. Dr. Azmi Özcan Kütüphanesi | Prof. Dr. Azmi Özcan Kütüphanesi | Uluğbey Salonu | Library of Congress Classification | Satın | DÜNYA TARİHİ (AVRUPA, ASYA, AFRİKA VB.) | Tarih (Genel) | D25 .E75 2011 | c.4 | 0040500 | 24/09/2013 | 29.90 | 29.90 | 30/07/2013 | 1 | 05/12/2024 | 05/12/2024 | 73291-73383 (92 sayfa) | ||||
| Book | Prof. Dr. Azmi Özcan Kütüphanesi | Prof. Dr. Azmi Özcan Kütüphanesi | Uluğbey Salonu | Library of Congress Classification | Satın | DÜNYA TARİHİ (AVRUPA, ASYA, AFRİKA VB.) | Tarih (Genel) | D25 .E75 2011 | c.4 | 0041962 | 24/09/2013 | 29.90 | 29.90 | 30/07/2013 | 1 | 05/12/2024 | 05/12/2024 | 73291-73383 (92 sayfa) |
